000 00219nam a2200097Ia 4500
008 120527s9999 xx 000 0 und d
100 _aHEATCOTE,P.M
245 _a 'AS' Level ICT.
260 _bPayne Gallway
942 _cBK
999 _c23647
_d23647